| 000 | 01296nac a22002651u 4500 | ||
|---|---|---|---|
| 090 | _c5813 | ||
| 008 | 090125t xxu||||| |||| 00| 0 eng d | ||
| 010 | _a 2006023176 | ||
| 020 | _a1555583105 (pbk. : alk. paper) | ||
| 020 | _a9781555583101 (pbk. : alk. paper) | ||
| 035 | _a(OCoLC)ocm70483484 | ||
| 082 | 0 | 0 |
_a621.384 _bGRA |
| 100 | _aGratton, Dean A. | ||
| 245 | 1 | 0 |
_aDeveloping Practical Wireless Applications / _cDean A. Gratton. |
| 260 |
_aAmsterdam ; _aBoston : _bElsevier Digital Press, _cc2007. |
||
| 300 |
_axvii, 259 p. : _bill. ; _c24 cm. |
||
| 504 | _aIncludes bibliographical references (p. 251-253) and index. | ||
| 650 | 0 | _aWireless communication systems. | |
| 650 | 0 | _aProduct management. | |
| 856 | 4 | 1 |
_3Table of contents only _uhttp://www.loc.gov/catdir/toc/ecip0617/2006023176.html |
| 856 | 4 | 1 |
_3Publisher description _uhttp://www.loc.gov/catdir/enhancements/fy0664/2006023176-d.html |
| 942 |
_cBB _k621.384GRA _2ddc |
||
| 999 |
_c5813 _d5813 |
||